000 01649nam a22002777a 4500
999 _c58356
_d58356
003 Ge_BSU
005 20211124141140.0
008 211124s2021 ge ||||| |||| 00| 0 geo d
020 _a9789941969294
041 _ageo
080 _a174:347.965 ი-95
245 _aიურიდიული ეთიკა = Legal Etics :
_b(ადვოკატების, მოსამართლეების, პროკურორების ეთიკა) /
_cავტორები : ე. გასიტაშვილი, თ. ზამბახიძე, ი. კორძაია, ა. ლორია და სხვ.; რედ. ს. ჩაჩავა, თ. ცერცვაძე და სხვ.; მთარგმნელი ქეთევან ჩეკურიშვილი.
264 _aთბილისი,
_c2021.
300 _a893 გვ.;
_b20 სმ.
504 _aბიბლიოგრ. გვ.871-893
653 _aსამართალი
653 _aეთიკა
700 _aგასიტაშვილი, ე.
_eავტორი
_913011
700 _aზამბახიძე, თ.
_eავტორი
_913012
700 _aკორძაია, ი.
_eავტორი
_913013
700 _aლორია, ა. და სხვ.
_eავტორი
_913014
700 _aჩაჩავა, ს.
_eრედაქტორი
_913015
700 _aცერცვაძე, თ. და სხვ.
_eრედაქტორი
_913016
700 _aჩეკურიშვილი, ქეთევან
_eმთარგმნელი
_913017
942 _2udc
_cBK